[Event "18th Aeroflot Open-A 2020"]
[Site "Moscow"]
[Date "2020.02.26"]
[Round "8.40"]
[White "Kozionov, Kirill"]
[Black "Mendonca, Leon Luke"]
[Result "1-0"]
[WhiteElo "2466"]
[BlackElo "2418"]
[Annotator "TA"]
[PlyCount "107"]
[EventDate "2020.02.19"]
[EventType "swiss"]
[EventCountry "RUS"]
[SourceTitle "playchess.com"]
[Source "ChessBase"]
[SourceQuality "1"]

{[%evp 12,107,20,18,31,27,33,22,38,12,49,45,46,46,43,35,64,58,68,61,52,66,102,94,97,78,70,79,77,77,89,78,92,73,67,80,60,46,81,81,81,81,81,81,81,81,81,81,85,85,82,68,115,126,154,139,167,162,161,151,150,106,113,128,169,142,254,254,241,248,210,187,338,352,336,330,458,442,454,448,448,440,382,380,334,358,469,566,5632,5624,4652,12822,4614,4610,29971,29972,29971,4618]} 1. d4 Nf6 2. c4 e6 3. g3 d5 4. Nf3 Be7 5. Bg2 O-O 6. O-O dxc4 7. Qc2 b6 {E05: Open Catalan: 5 Nf3 Be7.} 8. Bg5 Nd5 9. Bxe7 Qxe7 {The position is equal.} 10. Ne5 c5 11. dxc5 Qxc5 12. Qxc4 Qxc4 13. Nxc4 {[#]} Ba6 $146 ({Predecessor:} 13... Nd7 14. Rd1 Ba6 15. Bxd5 exd5 16. Rxd5 Bxc4 17. Rxd7 Rfd8 18. Rxd8+ Rxd8 19. Nc3 Rd2 {½-½ (34) Yankelevich,L (2445)-Stijve,T (2333) Bad Ragaz 2019}) 14. Ne3 $1 {[%cal Re3d5]} Nd7 15. Nxd5 exd5 16. Nc3 Nf6 17. Rfd1 ({Don't play} 17. Nxd5 Rad8 $11) 17... Rfd8 18. Nxd5 Nxd5 19. Rxd5 Rac8 20. e3 Bc4 21. Rxd8+ Rxd8 $16 {[%mdl 4096] Endgame KRB-KRB} 22. Bf3 Rd2 23. b3 $1 {[%cal Rb3c4]} Be2 24. Rc1 {White threatens Rc8+ and mate.} (24. Bxe2 {keeps more tension.} Rxe2 25. a4 Rb2 26. Rd1 g5 27. Rd5) 24... g6 25. Bxe2 Rxe2 {KR-KR} 26. a4 Rb2 27. Rc3 h5 28. Kg2 Kg7 29. h4 Kf6 30. Kf3 Ke6 31. e4 Kf6 32. Ke3 Ke6 33. f4 Rb1 34. Kd4 Rd1+ 35. Kc4 $1 a6 36. Rd3 Rc1+ 37. Kb4 Rc5 38. Ka3 $1 a5 {[#]} (38... Ke7 $16 {might work better.} 39. Kb2 b5) 39. Kb2 $1 $18 Rc6 {[#]} 40. Rc3 $1 {[%cal Rc3c6]} Rd6 41. Kc2 Ke7 $2 (41... f6 42. Rc8 Rd4) 42. Rc7+ Kf8 43. Rb7 Rd4 44. Rxb6 Rxe4 45. Rb5 Re2+ 46. Kb1 Re3 47. Kb2 Rxg3 48. Rxa5 Rg4 49. Rc5 Rxh4 50. a5 Rxf4 51. a6 Rf6 52. Ra5 Rxa6 53. Rxa6 h4 54. Kc2 {Accuracy: White = 98%, Black = 55%.} 1-0

[Event "18th Aeroflot Open-A 2020"]
[Site "Moscow"]
[Date "2020.02.26"]
[Round "8.41"]
[White "Sreeshwan Maralakshikari"]
[Black "Shubin, Kirill"]
[Result "0-1"]
[WhiteElo "2440"]
[BlackElo "2427"]
[Annotator "TA"]
[PlyCount "64"]
[EventDate "2020.02.19"]
[EventType "swiss"]
[EventCountry "RUS"]
[SourceTitle "playchess.com"]
[Source "ChessBase"]
[SourceQuality "1"]

{[%evp 17,64,32,41,35,37,36,36,15,15,15,20,0,12,2,11,-22,-24,-31,-27,-27,-25,-24,-28,-308,-337,-308,-312,-351,-364,-301,-130,-130,-113,-456,-439,-521,-481,-781,-766,-29989,-29990,-29990,-29979,-29979,-29978,-29996,-29997,-29997,-29998]} 1. d4 e6 2. c4 Nf6 3. Nc3 Bb4 4. e3 O-O 5. Bd3 d5 6. Nf3 dxc4 7. Bxc4 Nc6 8. O-O Bd6 9. e4 e5 10. d5 {E51: Nimzo-Indian: Rubinstein: 4...0-0 5 Nf3 d5.} Ne7 11. Bg5 Ng6 12. h3 {White is slightly better.} h6 13. Be3 a6 14. a3 {[#]} b5 $146 ({Predecessor:} 14... Nh5 15. Re1 Ngf4 16. Bf1 g5 17. g3 Nxh3+ 18. Bxh3 Bxh3 19. Nxg5 hxg5 20. Qxh5 g4 {1-0 (45) Sabas,J (2215)-Soppe,G (2435) Buenos Aires 1988}) 15. Ba2 Bd7 16. Qc2 Nh5 17. Rac1 f5 18. exf5 Bxf5 19. Ne4 Nhf4 20. Rfe1 $2 {[%mdl 8192] [#]} (20. Bb1 $11 {and White stays safe.}) 20... Nxg2 $1 $19 {[%mdl 512]} 21. Kxg2 {Black must now prevent Bb1.} Nh4+ 22. Nxh4 Qxh4 {[%mdl 64] Double Attack} 23. Bb1 {Strongly threatening Rh1.} Qxh3+ (23... Bxh3+ $19 {is more deadly.} 24. Kg1 Rf3) 24. Kg1 $17 Qf3 {Threatens to win with ...Bh3.} 25. Kh2 $4 {[%mdl 8192] [#]} (25. Bxh6 $17 Qg4+ 26. Kf1) 25... Rf6 $1 $19 {[%mdl 512]} 26. Nxf6+ gxf6 27. Qc6 (27. Rg1+ $142 Kh8 28. Rg3 Qh5+ 29. Kg2 Bxc2 30. Bxc2) 27... e4+ 28. Kg1 {[#]} Bh3 $3 {[%csl Gh3][%cal Rf3g2][%mdl 512] Black mates.} 29. Qxa8+ Kf7 {[%csl Gh3][%cal Rf3g2]} 30. Rxc7+ Bxc7 {[%csl Gh3][%cal Rf3g2]} 31. Bxe4 Qg4+ {[%mdl 64] Zwischenzug} ({But not} 31... Qxe4 $2 {[#]} 32. Qf8+ $1 {[%mdl 512]} Kxf8 33. Bc5+ {[%mdl 64] Discovered Attack} Ke8 34. Rxe4+ Kd7 35. Re7+ Kc8 36. Bd4 $18) 32. Kh1 Qxe4+ {Accuracy: White = 43%, Black = 87%.} 0-1

[Event "18th Aeroflot Open-A 2020"]
[Site "Moscow"]
[Date "2020.02.26"]
[Round "8.42"]
[White "Pogosyan, Stefan"]
[Black "Can, Emre"]
[Result "1-0"]
[WhiteElo "2455"]
[BlackElo "2600"]
[Annotator "TA"]
[PlyCount "95"]
[EventDate "2020.02.19"]
[EventType "swiss"]
[EventCountry "RUS"]
[SourceTitle "playchess.com"]
[Source "ChessBase"]
[SourceQuality "1"]

{[%evp 24,95,-8,-7,-7,-35,-42,-47,-44,-35,-35,-41,-31,-84,-94,-93,-96,-258,-256,-252,-255,-232,0,0,0,0,0,0,0,0,0,0,0,0,0,0,0,0,0,0,0,0,0,0,0,0,373,352,479,444,444,444,475,314,469,463,491,491,1072,1024,1189,588,29961,29965,29963,29963,29964,29965,29947,29947,29973,29973,5636,4133]} 1. c4 e5 2. Nc3 Nc6 3. g3 g6 4. Bg2 Bg7 5. d3 d6 6. Nf3 Nf6 7. O-O O-O 8. Rb1 a5 9. a3 Re8 10. Bg5 h6 11. Bxf6 Bxf6 12. b4 axb4 13. axb4 Bg7 {A26: English Opening vs King's Indian with ...Nc6 and d3.} 14. Nd2 e4 {Threatens to win with ...exd3.} 15. b5 Ne7 {Black is slightly better.} 16. Qc2 e3 17. fxe3 Nf5 18. Rxf5 (18. Nd1 $1 $15) 18... Bxf5 $17 19. Bxb7 Rxe3 {[#]} 20. Bxa8 $146 (20. Bf3 $17) ({Predecessor:} 20. Nf1 Bxc3 21. Qxc3 Rxe2 22. Bf3 Rea2 23. Bxa8 Qxa8 24. Rb2 Rxb2 25. Qxb2 Bxd3 26. Ne3 {0-1 (46) Recuero Guerra,D (2454)-Miton,K (2609) Linares 2013}) 20... Qxa8 $19 (20... Bd4 21. Kf1 $17) 21. Nde4 {[#] Hoping for Nd5.} Bd4 $1 {[%csl LRd3,LRe2,LRe4,LRg3] ( -> ...Rxe2+)} 22. Nf2 h5 $2 ({Black should play} 22... Bxc3 $1 $19 23. Qxc3 Rxe2) 23. Nd5 $36 {[%mdl 2112] Double Attack. White is more active.} h4 24. Qd2 (24. Nxe3 $2 Bxe3 25. Qd1 Bh3 $19) (24. Nxc7 $2 Qd8 $19) (24. gxh4 Qe8 $17) 24... hxg3 25. Nxe3 gxf2+ 26. Kxf2 Qd8 {Strongly threatening ...Qg5.} 27. Ke1 Qg5 28. Nf1 Qg1 {aiming for ...Bh3.} 29. Qf4 Be5 30. Qf3 Bg4 $1 {[%cal Rg4f3]} 31. Qa8+ Kg7 {...Bc3+ is the strong threat.} 32. Kd2 Qf2 {[#]} 33. Ng3 $1 Bf4+ ({Reject} 33... Bxg3 $6 34. hxg3 Qxe2+ 35. Kc3 $16) 34. Kc3 {And now Qe4 would win.} Bxe2 $2 {[%mdl 8192]} (34... Be5+ $11 {and Black is okay.} 35. Kb3 Qd4) 35. Qa2 $18 Be5+ 36. Kb3 Bxg3 37. hxg3 {[%mdl 4096] Endgame KQR-KQB} Qf3 38. Qa1+ f6 (38... Kf8 $142 39. Re1 (39. Qh8+ Ke7 $18) 39... Qxd3+ 40. Qc3 Qxc3+ 41. Kxc3 Bg4) 39. Qd4 Bxd3 40. Re1 Kf7 (40... d5 $142 41. Re7+ Kf8) 41. Kb4 Be2 42. Qd2 (42. Qd5+ $142 Qxd5 43. cxd5) 42... Bf1 43. Qd5+ Qxd5 44. cxd5 Bg2 45. Rc1 Bxd5 46. Rxc7+ Ke6 47. Kc3 Kf5 48. Kd4 {Never resign too early! Accuracy: White = 71%, Black = 65%.} 1-0

[Event "18th Aeroflot Open-A 2020"]
[Site "Moscow"]
[Date "2020.02.27"]
[Round "9.1"]
[White "Mamedov, Rauf"]
[Black "Suleymanli, Aydin"]
[Result "1/2-1/2"]
[WhiteElo "2643"]
[BlackElo "2474"]
[Annotator "TA"]
[PlyCount "58"]
[EventDate "2020.02.19"]
[EventType "swiss"]
[EventCountry "RUS"]
[SourceTitle "playchess.com"]
[Source "ChessBase"]
[SourceQuality "1"]

{[%evp 10,58,28,13,27,30,36,23,40,37,50,35,42,36,41,45,60,27,22,16,22,29,16,3,12,0,18,13,7,0,4,6,5,19,7,0,0,0,0,0,25,0,10,0,12,0,10,0,5,0,0]} 1. e4 c6 2. d4 d5 3. exd5 cxd5 4. Bd3 Nc6 5. c3 Qc7 6. h3 e6 {B13: Caro-Kann: Exchange Variation and Panov-Botvinnik Attack.} 7. Nf3 Bd6 8. O-O Nge7 {White has an edge.} 9. Re1 a6 {[#] 9...0-0 is setting a new trend.} 10. Nbd2 $146 {[%cal Bb1d2,Bd2f1,Bf1e3][%mdl 32]} ({Predecessor:} 10. b3 h6 11. Ba3 Bxa3 12. Nxa3 Bd7 13. Qd2 O-O 14. Nc2 Rfe8 15. Rac1 Rac8 16. Ne3 {½-½ (40) Goryachkina,A (2495)-Ushenina,A (2422) Stary Smokovec 2018}) 10... f6 11. c4 O-O 12. a3 Ng6 13. Nf1 Qf7 14. Bd2 Nf4 15. Bxf4 Bxf4 16. Ne3 Kh8 17. Qc2 g6 18. Re2 Bd7 19. cxd5 exd5 20. Rae1 Rad8 21. Qc5 Be6 22. Nd1 Bd6 23. Qb6 Bc7 24. Qb3 Bc8 25. Ne3 Bb8 {The position is equal.} 26. Qc3 Bd7 27. Qb3 Bc8 28. Qc3 Bd7 29. Bb1 Bd6 {Accuracy: White = 91%, Black = 100%.} 1/2-1/2

[Event "18th Aeroflot Open-A 2020"]
[Site "Moscow"]
[Date "2020.02.27"]
[Round "9.2"]
[White "Aravindh, Chithambaram VR."]
[Black "Sjugirov, Sanan"]
[Result "1-0"]
[WhiteElo "2630"]
[BlackElo "2674"]
[Annotator "TA"]
[PlyCount "95"]
[EventDate "2020.02.19"]
[EventType "swiss"]
[EventCountry "RUS"]
[SourceTitle "playchess.com"]
[Source "ChessBase"]
[SourceQuality "1"]

{[%evp 13,95,17,15,17,12,17,22,22,20,16,30,20,25,6,62,75,62,41,43,49,68,68,55,60,95,87,94,93,102,86,88,87,77,72,71,77,75,51,61,56,94,62,79,58,78,37,91,76,76,75,83,90,127,121,155,162,373,368,337,209,175,198,204,185,260,251,331,311,457,467,635,770,774,764,713,656,660,628,670,599,2993,2777,6083,4771]} 1. d4 Nf6 2. c4 c6 3. Nc3 d5 4. cxd5 cxd5 5. Bf4 Nc6 6. e3 Bf5 7. Qb3 Na5 8. Qa4+ {D10: Slav Defence: 3 cxd5 (without early Nf3) and 3 Nc3.} Bd7 9. Qc2 e6 10. Nf3 {The position is equal.} Nh5 11. Be5 Nc6 12. a3 (12. Be2 {looks sharper.} Be7 13. Nd2 Nf6 14. O-O O-O 15. a3) 12... Be7 13. Bd3 Nxe5 (13... f6 $11 14. Bg3 (14. Bxh7 fxe5 15. dxe5 Qb6 $15) 14... g6) 14. Nxe5 $14 Nf6 {[#]} 15. f4 $146 ({Predecessor:} 15. Nxd7 Nxd7 16. Bxh7 Qc7 17. Rc1 Rc8 18. h3 f5 19. Bg6+ Kf8 20. O-O Nf6 21. Bxf5 exf5 22. Qxf5 {0-1 (48) Ju,W (2514)-Sebag,M (2501) Beijing 2013}) 15... g6 16. g4 Bc6 17. h4 Nd7 18. Nf3 Rc8 19. g5 Bd6 20. h5 {[%cal Rh5g6]} Rg8 21. Ke2 a6 22. hxg6 hxg6 23. Rh6 Qe7 24. Qb3 Kd8 25. Nd1 Kc7 26. Nf2 Rh8 27. Rah1 Rxh6 28. Rxh6 Rg8 29. Qc2 Qe8 (29... Rc8 $14) 30. Qc1 {White stays focused until the end.} Bf8 31. Rh7 $36 {[%mdl 2048] Black is under strong pressure.} Bg7 32. Ng4 Qf8 {[#]} 33. b4 $1 Kb6 {[#]} 34. Nfe5 $1 Nxe5 $2 (34... Bxe5 {is a better defense.} 35. fxe5 (35. dxe5 Ka7 $14) (35. Nxe5 Nxe5 36. fxe5 Kc7 $16) 35... Rh8 36. Rxh8 Qxh8) 35. Qc5+ $18 ({Weaker is} 35. Nxe5 Bxe5 36. fxe5 (36. dxe5 Ka7 $16) 36... Kc7 $16) (35. fxe5 Kc7 $16) 35... Qxc5 36. dxc5+ Kc7 37. fxe5 {And now Nh6 would win.} ({Resist} 37. Nxe5 $6 Be8 $16) 37... Kd8 38. Kf3 Ke8 (38... Bb5 $142) 39. Nf6+ Bxf6 40. exf6 {[%mdl 4096] Endgame KRB-KRB} ({Less strong is} 40. gxf6 Ba4 $16) 40... e5 (40... d4+ {might work better.} 41. Ke2 dxe3 42. Kxe3 Rf8) 41. e4 {White is clearly winning.} dxe4+ 42. Bxe4 Rf8 43. Bxc6+ bxc6 44. Ke4 Kd7 {intending ...Ke6.} 45. Kxe5 Re8+ 46. Kf4 Rf8 47. Rh3 Re8 48. Re3 {Accuracy: White = 94%, Black = 52%.} 1-0

[Event "18th Aeroflot Open-A 2020"]
[Site "Moscow"]
[Date "2020.02.27"]
[Round "9.3"]
[White "Yilmaz, Mustafa"]
[Black "Adhiban, B.."]
[Result "1/2-1/2"]
[WhiteElo "2607"]
[BlackElo "2654"]
[Annotator "TA"]
[PlyCount "220"]
[EventDate "2020.02.19"]
[EventType "swiss"]
[EventCountry "RUS"]
[SourceTitle "playchess.com"]
[Source "ChessBase"]
[SourceQuality "1"]

{[%evp 19,220,50,76,54,68,69,67,64,95,87,143,134,140,115,127,127,122,115,117,120,135,135,135,135,135,135,135,135,135,135,135,135,154,135,135,129,135,103,135,0,135,0,135,135,135,135,135,101,135,135,135,135,135,0,135,-14,-17,-57,-51,-66,-71,-14,-19,-86,-71,-92,-76,-86,-91,-75,-71,-83,-51,-78,-9,-11,-15,-29,-25,-11,0,-97,-98,-100,-89,-89,-89,-88,-88,-88,-88,-93,-63,-81,-78,-66,-42,-66,-14,-10,0,-45,-49,-42,-49,-39,-31,-98,-77,-76,-8,-8,-22,-10,0,0,0,-18,-24,-25,0,0,0,0,0,-8,-8,-8,-8,-16,-16,-16,-16,-16,0,0,0,-16,0,0,0,0,0,0,0,0,0,0,0,-8,-8,-8,-8,-8,0,0,0,-8,0,0,0,0,0,0,0,0,0,0,0,0,0,0,0,0,0,-4,0,0,0,0,0,0,0,0,0,0,0,0,0,0,0,-80,0,0,0,0,0,0,0,0,0,0,0]} 1. d4 Nf6 2. c4 c5 3. d5 e6 4. Nc3 exd5 5. cxd5 d6 6. e4 g6 7. f4 Bg7 8. Bb5+ Nfd7 9. a4 Qh4+ 10. g3 Qe7 {[#]} 11. Nf3 $1 {A67: Modern Benoni: Taimanov Variation.} a6 12. Be2 O-O 13. O-O {White is slightly better.} b6 14. Re1 {[#]} Bb7 $146 (14... Nf6 $142) ({Predecessor:} 14... Ra7 15. Bf1 Re8 16. Be3 Rb7 17. Rb1 Qd8 18. Bf2 Nf8 19. h3 h5 20. Qc2 Bd7 {½-½ (40) Neuman,P (2410)-Pribyl,J (2409) Czechia 2002}) 15. Bf1 Re8 16. Be3 Nf6 17. Nd2 Nbd7 18. Bf2 h5 19. h3 Qf8 20. Bg2 Nh7 21. Nc4 Rab8 22. Ra3 Ba8 23. Rb3 Bh8 24. Bf3 Bg7 25. Kg2 Bh8 26. Qd3 Bg7 27. Be3 Bf6 28. Qd2 Bg7 29. Qd3 Bf6 $1 30. Bf2 Bg7 $1 31. Re2 Bf6 32. Qd2 Bg7 33. Be3 Bf6 34. Bg1 Bg7 35. Re1 Bf6 36. Be3 Bg7 $1 37. Rh1 (37. Bf2 $16) 37... Bxc3 $11 38. Qxc3 b5 $1 {[%cal Rb5c4]} 39. axb5 axb5 40. Nd2 f5 41. exf5 (41. Qc2 $1 $11) 41... Nhf6 $17 42. Qc2 ({Not} 42. fxg6 $2 Nxd5 43. Bxd5+ Bxd5+ 44. Kh2 Bxh1 $19) 42... Nxd5 43. Bf2 Qxf5 44. Qxf5 gxf5 45. Ra1 Nb4 46. Nf1 {[#]} Bxf3+ ({Black should try} 46... Bd5 $1 $17 {[%cal Rd5b3]} 47. Rxb4 Bxf3+ 48. Kxf3 cxb4) 47. Kxf3 $11 Nb6 48. Ne3 Nc4 {White must now prevent ...Nd2+.} 49. Rd1 $1 Rf8 $36 {[%mdl 2048] Black is pushing.} 50. Be1 (50. Rc3 $11) 50... Nxe3 $17 51. Rxe3 {Hoping for Bxb4.} Nc2 52. Red3 Nd4+ 53. Kg2 b4 54. Bf2 Nb5 55. Rd5 Rf6 56. Kf3 Kf7 57. Ra1 Rb7 58. Rdd1 Re6 ({Black should play} 58... Ke7 $15) 59. Rd5 $11 Rf6 60. Rdd1 $1 Nc7 61. g4 fxg4+ 62. hxg4 Ne6 63. Be3 (63. gxh5 $15 Rxf4+ 64. Kg2) 63... hxg4+ $17 64. Kxg4 Ng7 (64... Rg6+ $17 65. Kf3 Ng7) 65. f5 $1 $11 Nxf5 (65... Re7 $5 66. Bg5 $8 Nxf5 $11) 66. Bg5 Kg6 67. Bxf6 Ne3+ {[%mdl 64] Double Attack} 68. Kf3 Nxd1 69. Bd4 $1 Nxb2 70. Bxb2 {[%mdl 4096] Endgame KRB-KR} Kf5 71. Rh1 Rf7 72. Ke3 Ke6 73. Kd3 Rf4 74. Rh6+ Kd5 75. Rh5+ Kc6 76. Rh6 Kd5 77. Rh5+ Kc6 78. Rh6 Rf3+ 79. Kc4 Re3 80. Bg7 Re7 81. Rg6 Re1 82. Rh6 Re8 83. Bb2 Re2 84. Bg7 Rc2+ 85. Kd3 b3 {...c4+ is the strong threat.} 86. Bc3 Rc1 87. Kd2 Rc2+ 88. Kd3 Rc1 89. Kd2 Rg1 90. Bh8 Rg2+ 91. Kc1 $1 Rc2+ 92. Kb1 Rd2 93. Bc3 Re2 94. Bg7 c4 95. Bc3 Kc5 96. Rh5+ Kc6 97. Rh6 Kd5 98. Bb4 Re6 99. Rxe6 Kxe6 {KB-K3P} 100. Kb2 d5 101. Bc5 Ke5 {And now ...d4 would win.} 102. Kc3 Ke4 103. Bb6 Kf4 104. Bc5 Kf3 105. Bb6 (105. Bd4 $11 {keeps the balance.}) 105... Ke2 (105... Ke4 $17) 106. Bd4 {The position is equal.} Ke1 107. Bc5 Kd1 108. Be3 Ke2 109. Bc5 Kd1 110. Be3 Ke2 {Accuracy: White = 87%, Black = 87%.} 1/2-1/2

[Event "18th Aeroflot Open-A 2020"]
[Site "Moscow"]
[Date "2020.02.27"]
[Round "9.4"]
[White "Shimanov, Aleksandr"]
[Black "Jumabayev, Rinat"]
[Result "0-1"]
[WhiteElo "2587"]
[BlackElo "2646"]
[Annotator "TA"]
[PlyCount "108"]
[EventDate "2020.02.19"]
[EventType "swiss"]
[EventCountry "RUS"]
[SourceTitle "playchess.com"]
[Source "ChessBase"]
[SourceQuality "1"]

{[%evp 11,108,0,13,-20,32,9,12,14,19,0,0,11,7,0,0,0,0,0,0,0,0,-35,-39,-87,-93,-87,-83,-90,-71,-85,-74,-66,-69,-65,-51,-48,-35,-39,-14,-11,-9,-20,-5,-8,-12,-26,-12,-12,-12,-32,-29,-25,-30,-95,-85,-114,-124,-206,-206,-206,-206,-228,-140,-382,-386,-391,-222,-265,0,-389,-367,-452,-452,-409,-334,-341,-343,-311,-304,-452,-400,-597,-597,-6093,-5937,-2030,-411,-1959,-2628,-1408,-1714,-12363,-6111,-29971,-29974,-29974,-29975,-29969,-29969]} 1. d4 d5 2. Bf4 c5 3. e3 Nc6 4. c3 Nf6 5. Nd2 Bf5 6. Ngf3 e6 7. Qb3 {D00: 1 d4 d5: Unusual lines.} Qb6 (7... Qc8 $11) 8. Qxb6 axb6 9. Bb5 {The position is equal.} Nd7 10. Ne5 Ndxe5 11. Bxe5 Kd7 12. O-O {[#]} Bd6 $146 ({Predecessor:} 12... f6 13. Bg3 Be7 14. Rfe1 Bg6 15. dxc5 bxc5 16. e4 Bd6 17. Bxd6 Kxd6 18. Rad1 Kc7 19. exd5 exd5 {0-1 (51) Sahil,T (2224)-Dietmayer Kraeutler,M (2311) Krakow 2018}) 13. Bxd6 Kxd6 14. Rfd1 Bc2 15. Rdc1 Bg6 16. Rd1 c4 17. e4 Na7 18. Ba4 Bxe4 19. Nxe4+ dxe4 20. Re1 f5 21. Bd1 Nc6 22. f3 e5 23. d5 Nb8 {Hoping for ...exf3.} 24. fxe4 fxe4 25. Rxe4 b5 26. b3 cxb3 (26... Kxd5 27. Bf3 $16) 27. Bxb3 Nd7 $36 {[%mdl 2048] Black fights for an advantage.} 28. Rg4 g6 29. Rb4 Ra5 30. c4 Rf8 31. cxb5 Nc5 32. Bc2 {[#]} (32. a4 $11 {remains equal.}) 32... Ra3 $1 $17 33. h4 e4 34. Bxe4 (34. Rf1 $17 {was worth a try.} Rxf1+ 35. Kxf1) 34... Rf4 $1 $19 {[%csl LRe4,LRh4][%mdl 64] Double Attack} 35. Re1 Rxh4 (35... Rxe4 36. Rexe4 Nxe4 37. Rxe4 $14) 36. Re2 Ra8 ({Don't play} 36... Nxe4 37. Rexe4 Rxe4 38. Rxe4 $17) (36... Rxe4 37. Rexe4 Nxe4 38. Rxe4 $17) 37. a3 $2 (37. Rc4 $17) 37... Rxa3 (37... Rxe4 38. Rexe4 Nxe4 39. Rxe4 $15) 38. Rc4 Rf4 (38... Nxe4 39. Rexe4 Rxe4 40. Rxe4 $17) (38... g5 $142 39. Rxc5 Kxc5) 39. Kh2 Rh4+ ({Much less strong is} 39... Rxe4 40. Rexe4 Nxe4 41. Rxe4 $17) (39... Rb3 $142 40. g3 Rxe4 41. Rexe4 Nxe4 42. Rxe4 Rxb5 43. Re6+ Kxd5) 40. Kg1 g5 ({Weaker is} 40... Nxe4 41. Rexe4 Rxe4 42. Rxe4 $17) (40... Rxe4 41. Rexe4 Nxe4 42. Rxe4 $17) 41. Rxc5 Kxc5 {[%mdl 4096] Endgame KRR-KRB} 42. d6 Kxd6 43. Bxb7 Ra1+ 44. Kf2 Rf4+ 45. Kg3 (45. Bf3 {was the only defense.}) 45... h5 46. Rd2+ (46. Re4 $142 h4+ 47. Kh2) 46... Kc7 47. Bc6 Rh1 {[%csl Gf4,Gg5,Gh1][%cal Rh5h4]} 48. Bf3 h4+ 49. Kf2 g4 {[%mdl 64] Pin} 50. Ke3 {[#]} Rxf3+ $1 {[%mdl 512]} 51. gxf3 g3 52. Rg2 h3 {Black mates.} 53. Rxg3 h2 54. Rg7+ Kb6 {Accuracy: White = 58%, Black = 87%.} 0-1

[Event "18th Aeroflot Open-A 2020"]
[Site "Moscow"]
[Date "2020.02.27"]
[Round "9.5"]
[White "Paravyan, David"]
[Black "Petrosyan, Manuel"]
[Result "1/2-1/2"]
[WhiteElo "2629"]
[BlackElo "2590"]
[Annotator "TA"]
[PlyCount "80"]
[EventDate "2020.02.19"]
[EventType "swiss"]
[EventCountry "RUS"]
[SourceTitle "playchess.com"]
[Source "ChessBase"]
[SourceQuality "1"]

{[%evp 9,80,17,25,18,20,14,19,-9,0,-6,-11,0,2,0,0,0,0,0,2,0,45,34,47,37,80,75,73,74,85,75,75,63,65,54,64,28,56,46,37,21,27,26,62,34,42,40,61,42,29,17,28,33,35,16,18,0,0,0,0,0,0,0,0,0,0,0,0,0,0,0,0,0,0]} 1. e4 e5 2. Nf3 Nc6 3. Bb5 Nf6 4. d3 Bc5 5. Bxc6 dxc6 6. Nbd2 {C65: Ruy Lopez: Berlin Defence (3...Nf6), unusual lines and 4 0-0 Bc5.} O-O {6...Nd7 is the recent fashion. Played by Hikaru Nakamura in February 2020.} 7. Nc4 Nd7 8. Ne3 Re8 {[#]} 9. h4 $146 ({Predecessor:} 9. g4 Bxe3 10. Bxe3 Nf8 11. Rg1 Qd6 12. Qd2 a5 13. Nh4 Ne6 14. Nf5 Qb4 15. c3 {½-½ (55) Sunilduth Lyna,N (2611)-Anton Guijarro,D (2674) Khanty-Mansiysk 2019}) 9... Nf6 10. Nh2 Bb4+ 11. Kf1 h5 12. Qf3 Bc5 13. Nf5 Bxf5 14. Qxf5 Qd7 15. Qxd7 Nxd7 16. Bd2 Nf8 17. g4 hxg4 18. Nxg4 f6 19. h5 Be7 20. f4 exf4 21. Bxf4 Ne6 22. Bg3 Rad8 23. Kg2 Nd4 24. c3 ({But not} 24. Bxc7 Rd7 $17) 24... Ne6 25. d4 Bd6 26. Rae1 c5 {[#] And now ...Bxg3 would win.} 27. d5 Nf4+ 28. Bxf4 Bxf4 29. h6 Bd2 30. Reg1 Bg5 31. Kf3 g6 {The position is equal.} 32. e5 Kh7 33. exf6 {Black must now prevent Re1.} Rxd5 {Strongly threatening ...Rf5+.} 34. Rd1 Rf5+ {[%mdl 64] [#] Double Attack} 35. Kg3 Bf4+ 36. Kg2 $1 Re2+ 37. Kf3 Re8 38. Kg2 Re2+ 39. Kf3 Re8 {( -> ...Bh2+)} 40. Rd7+ Kh8 {Accuracy: White = 91%, Black = 88%.} 1/2-1/2